<?xml version="1.0" encoding="UTF-8"?>
<record
    xmlns:xsi="http://www.w3.org/2001/XMLSchema-instance"
    xsi:schemaLocation="http://www.loc.gov/MARC21/slim http://www.loc.gov/standards/marcxml/schema/MARC21slim.xsd"
    xmlns="http://www.loc.gov/MARC21/slim">

  <leader>01012nam a22001817a 4500</leader>
  <controlfield tag="005">20260324152333.0</controlfield>
  <datafield tag="010" ind1=" " ind2=" ">
    <subfield code="a">                                                          20BACCHHN25                                                                                                                                                                  </subfield>
  </datafield>
  <datafield tag="020" ind1=" " ind2=" ">
    <subfield code="c">180.00</subfield>
    <subfield code="a">9788119898794</subfield>
  </datafield>
  <datafield tag="037" ind1=" " ind2=" ">
    <subfield code="b">&#x909;&#x92A;&#x939;&#x93E;&#x930; </subfield>
  </datafield>
  <datafield tag="082" ind1=" " ind2=" ">
    <subfield code="a">&#x915;</subfield>
  </datafield>
  <datafield tag="245" ind1=" " ind2=" ">
    <subfield code="a">108 &#x939;&#x928;&#x941;&#x92E;&#x93E;&#x928; &#x915;&#x925;&#x93E;&#x90F;&#x901; /</subfield>
    <subfield code="c">&#x938;&#x941;&#x938;&#x94D;&#x92E;&#x93F;&#x924;&#x93E; &#x915;&#x941;&#x92E;&#x93E;&#x930; &#x926;&#x94D;&#x935;&#x93E;&#x930;&#x93E; &#x905;&#x928;&#x941;&#x935;&#x93E;&#x926;&#x93F;&#x924;</subfield>
  </datafield>
  <datafield tag="260" ind1=" " ind2=" ">
    <subfield code="a">&#x928;&#x94B;&#x90F;&#x921;&#x93E;(&#x909;.&#x92A;&#x94D;&#x930;.)</subfield>
    <subfield code="b">&#x92E;&#x948;&#x92A;&#x932; &#x915;&#x93F;&#x921;&#x94D;&#x938;</subfield>
    <subfield code="c">2025</subfield>
  </datafield>
  <datafield tag="270" ind1=" " ind2=" ">
    <subfield code="a">&#x90F;-63,&#x938;&#x948;&#x915;&#x94D;&#x91F;&#x930; 58,</subfield>
    <subfield code="b">&#x928;&#x94B;&#x90F;&#x921;&#x93E;</subfield>
    <subfield code="e">201301</subfield>
  </datafield>
  <datafield tag="300" ind1=" " ind2=" ">
    <subfield code="a">56&#x92A;&#x943;.</subfield>
    <subfield code="c">27&#x938;&#x947;&#x92E;&#x940;(&#x905;&#x91C;&#x93F;&#x932;&#x94D;&#x926;)</subfield>
    <subfield code="b">&#x938;&#x91A;&#x93F;&#x924;&#x94D;&#x930;</subfield>
  </datafield>
  <datafield tag="700" ind1=" " ind2=" ">
    <subfield code="a">&#x938;&#x941;&#x938;&#x94D;&#x92E;&#x93F;&#x924;&#x93E; &#x915;&#x941;&#x92E;&#x93E;&#x930;</subfield>
    <subfield code="9">78719</subfield>
  </datafield>
  <datafield tag="942" ind1=" " ind2=" ">
    <subfield code="2">ddc</subfield>
    <subfield code="c">CH</subfield>
    <subfield code="h">&#x915;</subfield>
    <subfield code="m">&#x939;&#x928;&#x941;&#x92E;&#x93E;</subfield>
  </datafield>
  <datafield tag="999" ind1=" " ind2=" ">
    <subfield code="c">209177</subfield>
    <subfield code="d">209177</subfield>
  </datafield>
</record>
